• 首页
  • 本馆介绍
  • 公告通知
  • 最新文献
  • 馆藏检索
  • 电子资源
  • 读者导购
  • 参考咨询
  • 我的图书馆
  • 登录
  • 详细信息显示
  • 放入我的书架
  • 预约/预借图书
  • 作者相关作品
  • 分类相关作品
  • 丛书相关作品
  • 出版社相关作品

书目信息

  • 表格格式
  • 工作单格式
  • 卡片格式
题名:
古今灯谜三千条
    
 
作者: 崔慧明 , 何楠 编著
分册:  
出版信息: 北京   金盾出版社  1991
页数: 148页
开本: 19cm
丛书名:
单 册:
中图分类: I277.8
科图分类: 44.799
主题词: 灯谜--中国--汇编
电子资源:
ISBN: 7-80022-391-4
000 00868n|m0 2200277 450
001 0102590420
005 20121109170000.0
010    @a7-80022-391-4@dCNY4.00
011    @a7-80022-391-4
100    @a20021005d1991 em y0chiy0110 ea
101 0  @achi
102    @aCN@b110000
105    @af z 000zy
135    @adrbn ---auuuu
200 1  @a古今灯谜三千条@9Gu Jin Deng Mi;Mei San Qian Tiao @f崔慧明,何 楠编著@b电子资源.图书
210    @a北京@c金盾出版社@d1991
215    @a148页@c图@d19cm
325    @a电子复制品
330    @a本书作者从大量的古今优秀灯谜中精选了3000条,分为13类。同时,还介绍了怎样猜(制)灯谜和什么叫“谜格”等常识。
606 0  @a灯谜@y中国@x汇编
690    @aI277.8@v3
692    @a44.799
701  0 @a崔慧明@9cui hui ming@4编著
701  0 @a何楠@9he nan@4编著
801  0 @aCN@bAZmarc@c20230904
905    @dI277.8@e68@f9@sI277.8/68@aBZT
    
    古今灯谜三千条/崔慧明,何 楠编著[电子资源.图书].-北京:金盾出版社,1991
    148页:图;19cm
    
    
    ISBN 7-80022-391-4:CNY4.00
    本书作者从大量的古今优秀灯谜中精选了3000条,分为13类。同时,还介绍了怎样猜(制)灯谜和什么叫“谜格”等常识。
●
相关链接 在五车中查询图书 在当当中查询图书 在豆瓣中查询图书


正题名:古今灯谜三千条     索取号:I277.8/68         预约/预借

序号 登录号 条形码 馆藏地/架位号 状态 备注
1 2000137342   2000137342   旧书回溯/ [索取号:I277.8/68] 在馆    
2 2000137343   2000137343   旧书回溯/ [索取号:I277.8/68] 在馆    
3 2000137344   2000137344   旧书回溯/ [索取号:I277.8/68] 在馆    
4 2000137345   2000137345   旧书回溯/ [索取号:I277.8/68] 在馆    
5 2000137346   2000137346   旧书回溯/ [索取号:I277.8/68] 在馆    
6 2000137347   2000137347   旧书回溯/ [索取号:I277.8/68] 在馆    
7 2000137348   2000137348   旧书回溯/ [索取号:I277.8/68] 在馆    
8 2000137349   2000137349   旧书回溯/ [索取号:I277.8/68] 在馆    
9 2000137350   2000137350   旧书回溯/ [索取号:I277.8/68] 在馆    
山东省滨州职业学院图书馆 欢迎您!
大连网信软件有限公司© 版权所有